Political compromise : platforms and policies / Humberto Llavador platforms and policies / Humberto Llavador
Descripción Física:
43 p. ; 21 cm
MARC
| LEADER | 00000nam a2200000Ia 4500 | ||
|---|---|---|---|
| 001 | 15299 | ||
| 008 | 160829s2001 xx 000 0 cat d | ||
| 080 | |a FU-36-4 | ||
| 100 | |a Llavador, Humberto |9 32236 | ||
| 245 | |a Political compromise : |b platforms and policies / Humberto Llavador | ||
| 260 | |a Barcelona : |b Institut de Ciències Polítiques i Socials, |c 2001 | ||
| 300 | |a 43 p. ; |c 21 cm | ||
| 490 | |a Working papers / Institut de Ciències Polítiques i Socials ; 193 | ||
| 590 | |a Notes. | ||
| 590 | |a Bibliografia. | ||
| 590 | |a Inclou gràfics i fòrmules matemàtiques | ||
| 650 | |a Abstencionisme electoral |9 32237 | ||
| 650 | 0 | |a Eleccions |9 17197 | |
| 710 | 2 | |a Institut de Ciències Polítiques i Socials (Barcelona, Catalunya) |9 55871 | |
| 901 | |a Arxiu | ||
| 942 | |n 1 | ||
| 952 | |0 0 |1 0 |4 0 |6 FU364 |7 1 |9 45915 |a Arxiu |b Arxiu |d 2016-12-01 |l 0 |o FU-36-4 |p 15299 |r 2016-12-01 00:00:00 |w 2016-12-01 |y ARXIU | ||
| 999 | |c 49416 |d 49416 | ||